Zmeny v spotrebiteľskom nákupnom správaní v cestovnom ruchu vyvolané rozvojom informačno-komunikačných technológií bakalárska práca

Uložené v:
Podrobná bibliografia
Hlavný autor: Rýdzi, Matúš
Korporativný autor: Obchodná fakulta EU. Katedra služieb a cestovného ruchu - zrušené
Ďalší autori: Bažó, Ladislav, 1980-
Médium: Kniha
Jazyk:Slovak
Vydavateľské údaje: Bratislava 2018
Tagy: Pridať tag
Žiadne tagy, Buďte prvý, kto otaguje tento záznam!

MARC

LEADER 00000nbm a2200000 4500
001 0245006
005 20180906133910.4
041 0 |a slo 
044 |a SK 
245 1 0 |a Zmeny v spotrebiteľskom nákupnom správaní v cestovnom ruchu vyvolané rozvojom informačno-komunikačných technológií  |b bakalárska práca  |c Matúš Rýdzi ; školiteľ: Ladislav Bažó 
264 1 |a Bratislava  |c 2018 
300 |a 47 s. 
100 1 |a Rýdzi, Matúš 
700 1 |a Bažó, Ladislav, 1980- 
710 2 |a Obchodná fakulta EU. Katedra služieb a cestovného ruchu - zrušené